Jugando con la ciencia: y a construir el conocimiento

محفوظ في:
التفاصيل البيبلوغرافية
التنسيق: كتاب
اللغة:الإسبانية
منشور في: Buenos Aires Cultural Librera Americana 2001
سلاسل:Enciclopedia Estudiantil de las Ciencias
الموضوعات:
الوسوم: إضافة وسم
لا توجد وسوم, كن أول من يضع وسما على هذه التسجيلة!

MARC

LEADER 00000nam a2200000 a 4500
001 UCK4932
003 CL-VaPUC
008 050701e20010000AG |||||||||||||||||spa|d
082 0 4 |a 372  |b JUG  |2 21 
245 1 0 |a Jugando con la ciencia: y a construir el conocimiento 
300 |a 2 v 
942 |c BK 
945 |d 20050701 00:00:00  |a cmena 
260 |a Buenos Aires  |b Cultural Librera Americana  |c 2001 
650 0 |a Educación científica   |9 307484 
650 0 |a Educación básica   |9 224933 
650 7 |a EXPERIMENTOS CIENTIFICOS  |2 CL-VaPUC  |9 320167 
650 0 |a Métodos de enseñanza  |9 270413 
583 |a last modification  |c 20050701 00:00:00  |k Rodrigo Vera 
490 0 |a Enciclopedia Estudiantil de las Ciencias 
999 |c 313640  |d 313638 
952 |0 0  |1 0  |4 0  |6 372_000000000000000_JUG_2001  |7 0  |8 A  |9 385109  |a BIBCUR  |b BIBCUR  |d 2019-11-22  |h v.1  |i 4128648  |l 1  |o 372 JUG 2001  |p 4128648  |r 2025-04-22  |s 2024-09-12  |w 2019-11-22  |y BK  |k FIS 
952 |0 0  |1 0  |4 0  |6 372_000000000000000_JUG_2001  |7 0  |8 A  |9 385110  |a BIBCUR  |b BIBCUR  |d 2019-11-22  |h v.2  |i 4128656  |o 372 JUG 2001  |p 4128656  |r 2025-04-22  |w 2019-11-22  |y BK  |k FIS